000 00943nam a22002897a 4500
001 001141
003 DO-SdBPM
005 20250724072145.0
007 ta
008 160815b1968 sp |||| 00| 0 spa d
040 _aDO-SdBPM
_bspa
_cBPMSU
_erda
082 4 _a301
_bC352d 1968
_222
100 1 _aCastilla del Pino, Carlos
_d1922-
_eautor
245 1 0 _aDialéctica de la persona, dialéctica de la situación /
_cCarlos Castilla del Pino
264 _aBarcelona :
_bEdiciones Peninsula,
_c1968.
300 _a229 págianas :
_c21 cm.
336 _atexto
_btxt
_2rdacontent
337 _asin mediación
_bn
_2rdamedia
338 _avolumen
_bnc
_2rdacarrier
490 0 _aIbérica.
_v22
590 _aInventariao, 2025/VM
650 7 _aAntropología
_vEnsayos, conferencias, etc.
650 7 _aSociología
_vEnsayos, conferencias, etc.
650 7 _aDesarrollo social.
910 _aVMateo V. Control de calidad. BPMSU
942 _2ddc
_cBK
999 _c11162
_d11162